| 000 | 00460nam a2200181Ia 4500 | ||
|---|---|---|---|
| 008 | 230524s9999 xx 000 0 und d | ||
| 020 | _a0198064691 | ||
| 082 |
_a658.45 _bACH |
||
| 100 | _aShankar Acharya | ||
| 245 | 0 | _aIndia's Economy: Performance and Challenges | |
| 250 | _a2ND | ||
| 260 |
_aNEW DELHI _bOxford _c2010 |
||
| 300 | _aXIII;464 | ||
| 500 | _aQuantity Number: 2 | ||
| 650 | _aEconomics | ||
| 700 | _a Rakesh Mohan (Editor) | ||
| 942 | _cBK | ||
| 999 |
_c49247 _d49247 |
||